Normal view
MARC view
- Perry, Douglas L, Foster, Harry D
Entry Personal Name
001 - CONTROL NUMBER
- control field: 64211
003 - CONTROL NUMBER IDENTIFIER
- control field: NUST
005 - DATE AND TIME OF LATEST TRANSACTION
- control field: 20210628203235.0
008 - FIXED-LENGTH DATA ELEMENTS
- fixed length control field: 210628|| aca||aabn | a|a d
040 ## - CATALOGING SOURCE
- Original cataloging agency: NUST
- Transcribing agency: NUST
100 ## - HEADING--PERSONAL NAME
- Personal name: Perry, Douglas L, Foster, Harry D
670 ## - SOURCE DATA FOUND
- Source citation: Work cat.: (NUST): Perry, Douglas L, Foster, Harry D, Applied formal verification, 2005
